| 000 | 00000nam 2200000za 4500 |
| 001 | 9.607041 |
| 003 | CaOODSP |
| 005 | 20210624212929 |
| 007 | cr ||||||||||| |
| 008 | 150406s1984 onc #o f000 0 fre d |
| 040 | |aCaOODSP|bfre |
| 043 | |an-cn--- |
| 086 | 1 |aEn48-3/84-1F-PDF |
| 245 | 00|aRevue des substituts des polychlorobiphényles dans les transformateurs (1982) |h[ressource électronique] / |cDirection des produits chimiques commeerciaux. |
| 260 | |aOttawa : |bEnvironnement Canada, |c1984. |
| 300 | |a40 p. |
| 490 | 1 |aRapport ; |vSPE 3-EP-84-1F |
| 500 | |aLe n° de catalogue (En48-3/84-1F) et l'ISBN (0-66292765-6) de l'édition imprimée ont été copiés dans l'édition électronique |
| 504 | |aBibliographie. |
| 590 | |a14-21-Supp|b2014-12-11 |
| 691 | 07|aProduit toxique|2gcpds |
| 710 | 1 |aCanada. |bEnvironnement Canada. |bService de la protection de l'environnement. |
| 775 | 08|t1982 review of substitutes for polychlorinated biphenyls in transformers |w(CaOODSP)9.579751 |
| 830 | #0|aAnalyse économique et technique (Canada. Service de la protection de l'environnement)|vSPE 3-EP-84-1F|w(CaOODSP)9.866045 |
| 856 | 40|ahttp://publications.gc.ca|qPDF|s365 Ko|uhttps://publications.gc.ca/collections/collection_2014/ec/En48-3-84-1-fra.pdf|ySPE 3-EP-84-1F |